| 000 | 00716nam a2200181Ia 4500 | ||
|---|---|---|---|
| 003 | GCL | ||
| 008 | 140319s9999 xx 000 0 ara d | ||
| 040 |
_aGCL / _cGCL |
||
| 082 | 0 | 4 |
_a189.092 _bغ م |
| 100 | 1 | _aالغزالى : حجة الاسلام ابو حامد محمد بن محمد بن محمد بن احمد الطوسى | |
| 245 | 1 | 0 |
_aالمنقذ من الضلال / _cالغزالى : حجة الاسلام ابو حامد محمد بن محمد بن محمد بن احمد الطوسى |
| 260 |
_a[S.N] : _bمركز الكتاب للنشر ، _c1991 |
||
| 300 | _a64 ص | ||
| 490 | _a | ||
| 650 | 0 | 4 | _aالفلسفة الاسلامية |
| 650 | 0 | 4 | _aالتصوف الاسلامى |
| 942 |
_2ddc _cBK |
||
| 999 |
_c52408 _d52408 |
||